Score 0/7 Timer 03:00
0 Plays Today
Question Answer Wrong Answers
Made on a budget of just over $1 million, this film starring Sylvester Stallone premieres in New York. It is the highest-grossing film of 1976.
1976
Rocky
95.1%
First Blood
1.9%
Cliffhanger
0.8%
Demolition Man
0.9%
This popular single by Pharrell Williams is released, eventually becoming the Billboard Song of the Year.
2013
Happy
83.5%
Get Lucky
6.5%
Blurred Lines
4.2%
Can't Stop the Feeling!
4.6%
Commonly known as the 'Tar Heel State', ______ ratifies the US Constitution and is admitted as the 12th US state.
1789
North Carolina
82.8%
Virginia
6.1%
Pennsylvania
6.2%
New Jersey
4.9%
Massive protests erupt in ______ after President Viktor Yanukovych suspended signing a European Union Association Agreement.
2013
Ukraine
73.8%
Turkey
8.2%
Greece
11.9%
Cyprus
4.6%
Nicknamed 'The Kid', this American baseball Hall of Famer, one of the most prolific home run hitters in baseball history, is born.
1969
Ken Griffey Jr.
67.8%
Barry Bonds
14.8%
Alex Rodriguez
12.2%
Frank Thomas
4.4%
Following a military coup, General Hafez al-Assad becomes Prime Minister of ______. He will remain in power for nearly 30 years.
1970
Syria
67.4%
Libya
10.2%
Saudi Arabia
10.3%
Pakistan
11%
Though she would only serve for one day, Rebecca Latimer Felton of Georgia takes the oath of office to become the first female US ______.
1922
Senator
37.8%
Governor
40%
Attorney General
13.2%
Secretary of State
8.5%
Remove Ads.
Support Sporcle.
Get the best of Sporcle when you Go Orange. This ad-free experience offers more features, more stats, and more fun while also helping to support Sporcle. Thank you for becoming a member.

You're not logged in!

Compare scores with friends on all Sporcle quizzes.
OR
Log In

Show Comments

Extras

Top Quizzes Today


Score Distribution

Your Account Isn't Verified!

In order to create a playlist on Sporcle, you need to verify the email address you used during registration. Go to your Sporcle Settings to finish the process.

Report this User

Report this user for behavior that violates our Community Guidelines.

Details: